| 000 | 00368nam a2200133Ia 4500 | ||
|---|---|---|---|
| 008 | 150202s9999 xx 000 0 und d | ||
| 020 | _a345303067 | ||
| 050 |
_aFIC _bFIC |
||
| 100 | _aClarke, Arthur C. | ||
| 245 |
_a2010 :O _bOdyssey two / _cArthur C. Clarke. |
||
| 260 |
_aNew York : _bDel Ray Books, _c1982. |
||
| 300 |
_a335 pages : _c18 cm. |
||
| 650 | _aFiction. | ||
| 999 |
_c281912 _d281912 |
||